000 00423nam a2200169 i 4500
001 150823
003 ES-MaACL
005 20230906203720.0
007 t|
008 071114q19001930fr ||||1| fre d
100 1 _aFinot, Jean.
_950925
245 1 3 _aLa science du bonheur /
_cJean Finot.
250 _a14e éd.
260 _aParis :
_bA. Fayard,
_c[19--?]
300 _a396 p. ;
_c19 cm.
852 _aES-MaACL
_jG-4592
999 _c150823
_d150823